Limites et discontinuités en géographie / (Record no. 101701)

MARC details
000 -LEADER
campo de control de longitud fija 00529nam a2200193 4500
005 - FECHA Y HORA DE LA ÚLTIMA TRANSACCIÓN
campo de control 20230410143434.0
008 - DATOS DE LONGITUD FIJA--INFORMACIÓN GENERAL
campo de control de longitud fija 060907n2002 dr spa
020 ## - NÚMERO INTERNACIONAL ESTÁNDAR DEL LIBRO
Número Internacional Estándar del Libro 2718194367
035 ## - NÚMERO DE CONTROL DEL SISTEMA
-- funglode6774
041 ## - CÓDIGO DE IDIOMA
Código de lengua del texto/banda sonora o título independiente FR
001 - NÚMERO DE CONTROL
campo de control 14aG 63 C319l 2002
100 ## - ENTRADA PRINCIPAL--NOMBRE DE PERSONA
Nombre de persona Carroué, Laurent
245 1# - MENCIÓN DEL TÍTULO
Título Limites et discontinuités en géographie /
Mención de responsabilidad, etc. Laurent Carroué y otros
260 ## - PUBLICACIÓN, DISTRIBUCIÓN, ETC.
Lugar de publicación, distribución, etc. [Paris] :
Nombre del editor, distribuidor, etc. Sedes,
Fecha de publicación, distribución, etc. 2002
300 ## - DESCRIPCIÓN FÍSICA
Extensión 159 p.
440 ## - MENCIÓN DE SERIE/PUNTO DE ACCESO ADICIONAL--TÍTULO
Título Collection dirgée par André Gamblin
942 ## - ELEMENTOS DE ENTRADA SECUNDARIOS (KOHA)
Fuente del sistema de clasificación o colocación Clasificación de Library of Congress
Tipo de ítem Koha
Holdings
Estatus retirado Estado de pérdida Fuente del sistema de clasificación o colocación Estado de daño No para préstamo Colección Biblioteca de origen Biblioteca actual Ubicación en estantería Fecha de adquisición Signatura topográfica completa Código de barras Visto por última vez Copia número Tipo de ítem Koha
    Clasificación de Library of Congress     Ciencias Sociales Biblioteca Juan Bosch Biblioteca Juan Bosch Ciencias Sociales (3er. Piso) 21/01/2019 G 63 C319l 2002 00000007145 21/01/2019 1